Statistics for Every Modern Male WWE Grand Slam Champion

Click here to take the quiz!

General Stats

  • This quiz has been taken 78 times
    (37 since last reset)
  • The average score is 12 of 17

Answer Stats

Grand Slam Champions% Correct
Roman Reigns
95%
Kofi Kingston
90%
Randy Orton
90%
Seth Rollins
85%
The Miz
85%
Kevin Owens
80%
Finn Balor
75%
Chris Jericho
70%
Rey Mysterio
70%
Aj Styles
65%
Dean Ambrose
65%
Big Show
60%
Jeff Hardy
55%
Daniel Bryan
50%
Edge
50%
Kurt Angle
40%
Eddie Guerrero
35%

Score Distribution

Percentile by Number Answered

Percent of People with Each Score

Your Score History

You have not taken this quiz since the last reset